New indoorpool design

Gespeichert in:
Bibliographische Detailangaben
Format: Buch
Veröffentlicht: Köln : daab, 2006
Tags: Tag hinzufügen
Keine Tags, Fügen Sie das erste Tag hinzu!

MARC

LEADER 00000nam a22000003a 4500
001 stu246747
005 20150408182944.8
008 120522s2006----gw----------------------d
020 |a 3-937718-27-3 
040 |a STU  |b slo 
041 0
044 |a gw 
245 |a New indoorpool design 
260 |a Köln :  |b daab,  |c 2006 
300 |a 189 s 
996 |b 284V032414  |c V*51564/O-23037a  |l VVS  |s A  |a 24  |w stu246747_0001 
996 |b 284V032409  |c V*51563/O-23037  |l VVT  |s A  |a 24  |w stu246747_0002